000 01075nam a2200289 a 4500
001 BRL_1668
005 20190320211320.0
008 230414s1989----mx-a######---#000-0#spa-#
020 _a9688341436
041 _aspa
044 _amx
050 4 _aHF3240.V4
_b.L47 1989
100 1 _aLerdo de Tejada, Juan Antonio
_927581
245 1 0 _aCartas a un comerciante español, 1811-1817
_cJuan Antonio Lerdo de Tejada ; prólogo y notas Carmen Blázquez Domínguez.
260 _aXalapa, Ver.
_bUniversidad Veracruzana, Instituto Veracruzano de Cultura
_c1989
300 _a189 p.
_bil.
_c21 cm.
440 0 _aColección rescate
_v31
_927582
500 _aAu1875
500 _aIncluye lista de comerciantes y glosario
600 1 4 _aLerdo de Tejada, Juan Antonio
_xCorrespondencia
_927583
600 1 4 _aUrquiaga, Manuel de
_xCorrespondencia
_927584
650 1 4 _aComerciantes
_xCorrespondencia
_zVeracruz (Estado)
_927585
651 4 _aVeracruz (Estado)
_xComercio
_ySiglo XIX
_927586
700 1 _aDomínguez Blázquez, Carmen
_epról.
_927587
902 _aGRL
942 _2lcc
_cB
999 _c10477
_d10477